Celtic FC Captains - Statistics

General Stats
  • This quiz has been taken 43 times
  • The average score is 8 of 32
Answer Stats
Period Name % Correct
2010-2021 Scott Brown
100%
2021-present Callum McGregor
95%
1963-1975 Billy McNeill
62%
2005-2007 Neil Lennon
57%
1990-1997 Paul McStay
57%
1929-1934 Jimmy McStay
54%
1925-1929 Willie McStay
54%
2002-2004 Paul Lambert
41%
2007-2010 Stephen McManus
41%
1975-1977 Kenny Dalglish
35%
1977-1987 Danny McGrain
32%
2004-2005 Jackie McNamara
32%
1997-2002 Tom Boyd
32%
1953-1955 Jock Stein
27%
1987-1990 Roy Aitken
27%
1906-1911 Jimmy Hay
16%
1957-1961 Bertie Peacock
8%
1888-1897 James Kelly
8%
1952-1953 Sean Fallon
8%
1917-1920 Alec McNair
5%
1955-1957 Bobby Evans
5%
1948-1953 John McPhail
5%
1961-1963 Duncan MacKay
3%
1899-1903 Sandy McMahon
3%
1935-1939 Willie Lyon
3%
1939-1948 AAAAAAAA
0%
1934-1935 Bobby Hogg
0%
1923-1925 Charlie Shaw
0%
1897-1899 Dan Doyle
0%
1911-1917 Jim Young
0%
1920-1923 Willie Cringan
0%
1903-1906 Willie Orr
0%
No matching quizzes found
Score Distribution
Percent of People with Each Score
Percentile by Number Answered
Your Score History
You have not taken this quiz